000 02346nam a2200289 i 4500
003 DO-SdBNP
005 20260529120319.0
007 ta
008 260528e2025 dr ||||gr|||||||1 1|spa d
020 _a9789945518993.
040 _aDO-SdBNP
_bspa
_cBNPHU
_erda
041 _aspa
082 _bM385r 2025
_222
100 _aMartínez, Escarlin
_eautor
_989794
245 _aResguardo /
_cEscarlin Martínez.
264 _aSanto Domingo, República Dominicana :
_bEscarlin Martínez,
_c2025.
300 _a136 páginas ;
_c21 cm.
336 _atexto
_btxt
_2rdacontent
337 _asin mediación
_bn
_2rdamedia
338 _avolumen
_bnc
_2rdacarrier
500 _aIncluye Biografía del autor en la solapa.
520 _aLiteratura: ficción y aventuras. Suspenso. El bajo retumba en el pecho de Gabriel como un segundo latido, insistente y pesado. Se ajusta el cuello de la chaqueta de cuero, sintiendo el peso del arma oculta presionando contra sus costillas. El club nocturno se arremolina con cuerpos, perfume y desesperación, el terreno de caza perfecto tanto para los cazadores como para los cazados. A su lado, Ralph asiente con la cabeza hacia la barra, sus ojos ya escudriñando a la multitud con practicada indiferencia. —Dos whiskys —le dice Gabriel al camarero, su voz lo suficientemente áspera para captar la atención del hombre por encima de la música. El camarero, joven, con mangas de tatuajes que se arremolinan en ambos brazos, asiente brevemente. Gabriel apoya los codos en el mostrador pegajoso, adoptando la postura de un hombre que no tiene un lugar mejor donde estar. A sus treinta y seis años, es mayor que la mayoría de los clientes, pero su cuerpo, mantenido gracias a la devoción religiosa al gimnasio, garantiza que no parezca fuera de lugar. Sus ojos se deslizan de un rostro a otro, catalogando detalles con precisión mecánica. —¿Ves algo? —pregunta Ralph, aceptando su bebida con un gesto de la cabeza. Gabriel toma un largo sorbo, agradeciendo el ardor. —Todavía no. La paciencia nunca fue tu punto fuerte. Ralph resopla. —Por eso nos emparejaron. Te estás volviendo viejo y cauteloso; yo mantengo las cosas interesantes.
590 _aInventariado, 2026/WG.
650 0 _aLiteratura dominicana
_967
650 0 _aCiencia ficción
_939976
_zRepública Dominicana
942 _2ddc
_cLBS1
999 _c60836
_d60836